[Event "PNWCC Super G60 2021.01 Gp1"]
[Site "chess.com INT"]
[Date "2021.01.17"]
[Round "6.14"]
[White "Amburgy, Ryan"]
[Black "Talukdar, Rohan"]
[Result "0-1"]
[WhiteElo "1989"]
[BlackElo "2341"]
[PlyCount "88"]
[EventDate "2021.01.16"]
[EventType "swiss (corr)"]
[EventRounds "6"]
[EventCountry "NET"]
[Source "Mark Crowther"]
[SourceDate "2021.01.18"]

1. d4 Nf6 2. Nc3 d5 3. Bf4 a6 4. e3 e6 5. Nf3 c5 6. dxc5 Bxc5 7. Bd3 Nc6 8. O-O
Bd6 9. Bg5 h6 10. Bh4 Be7 11. Qe2 O-O 12. Rfd1 Nd7 13. Bxe7 Qxe7 14. a3 b5 15.
Qd2 Bb7 16. h3 Rfd8 17. Rac1 Nb6 18. Nd4 e5 19. Nxc6 Bxc6 20. Re1 Qb7 21. f4 d4
22. exd4 exd4 23. Ne4 Nc4 24. Qf2 Nxb2 25. Ng3 Nxd3 26. cxd3 Rd5 27. Qf3 Rc8
28. Qg4 Bd7 29. f5 Rxc1 30. Rxc1 Qb6 31. Re1 Qf6 32. Qf3 Re5 33. Rxe5 Qxe5 34.
Kf2 a5 35. f6 Qxf6 36. Qxf6 gxf6 37. Ke2 b4 38. axb4 axb4 39. Nh5 Bc6 40. Nxf6+
Kg7 41. Nh5+ Kg6 42. Nf4+ Kg5 43. g3 h5 44. Kd2 Bf3 0-1

[Event "Wch-U18 Online"]
[Site "Tornelo INT"]
[Date "2020.12.19"]
[Round "1.1"]
[White "Talukdar, Rohan"]
[Black "Sonis, Francesco"]
[Result "1-0"]
[WhiteElo "2341"]
[BlackElo "2483"]
[PlyCount "105"]
[EventDate "2020.12.19"]
[EventType "k.o. (rapid)"]
[EventRounds "4"]
[EventCountry "NET"]
[Source "Mark Crowther"]
[SourceDate "2020.12.21"]

1. e4 e5 2. Nf3 Nc6 3. Bb5 a6 4. Ba4 Nf6 5. O-O Be7 6. Re1 b5 7. Bb3 d6 8. c3
O-O 9. d4 Bg4 10. Be3 Bh5 11. h3 exd4 12. cxd4 Na5 13. Nbd2 Nxb3 14. axb3 Qd7
15. Bf4 c5 16. g4 Bg6 17. dxc5 dxc5 18. Ne5 Qe6 19. Qf3 Rad8 20. Rad1 h6 21.
Nxg6 fxg6 22. Qg3 g5 23. Be5 Rd7 24. Bxf6 Bxf6 25. e5 Be7 26. Ne4 Rfd8 27. Nd6
Bxd6 28. exd6 Qf6 29. Rd5 Rxd6 30. Rxc5 Rd3 31. Re3 Rxe3 32. Qxe3 Qxb2 33. Qe6+
Kh7 34. Qf5+ Kh8 35. Rc8 Qd4 36. b4 Qd1+ 37. Kg2 Qd6 38. Rxd8+ Qxd8 39. Qe6
Qa8+ 40. f3 Qb7 41. Kf2 Kh7 42. Qe4+ Qxe4 43. fxe4 Kg6 44. Ke3 h5 45. Kd4 hxg4
46. hxg4 Kf6 47. Kd5 g6 48. Kd6 Kf7 49. e5 Ke8 50. e6 Kd8 51. e7+ Ke8 52. Ke6
a5 53. bxa5 1-0

[Event "Wch-U18 Online"]
[Site "Tornelo INT"]
[Date "2020.12.19"]
[Round "1.2"]
[White "Sonis, Francesco"]
[Black "Talukdar, Rohan"]
[Result "1-0"]
[WhiteElo "2483"]
[BlackElo "2341"]
[PlyCount "101"]
[EventDate "2020.12.19"]
[EventType "k.o. (rapid)"]
[EventRounds "4"]
[EventCountry "NET"]
[Source "Mark Crowther"]
[SourceDate "2020.12.21"]

1. Nf3 Nf6 2. b3 g6 3. Bb2 Bg7 4. g3 O-O 5. Bg2 d6 6. d4 e5 7. dxe5 Nfd7 8. O-O
dxe5 9. e4 Nc6 10. Qe2 a5 11. Rd1 a4 12. Na3 Qe7 13. Nc4 a3 14. Bc3 b5 15. Ne3
b4 16. Nd5 Qc5 17. Bd2 Nb6 18. Nxc7 Ra5 19. Rac1 Nd4 20. Nxd4 exd4 21. Nd5 Nxd5
22. exd5 Bf5 23. Bg5 Ra7 24. Qd2 Rc8 25. Re1 h5 26. h3 Bxc2 27. Be4 d3 28. Bxd3
Qxd5 29. Bxc2 Qa5 30. Qf4 Rac7 31. Bd3 Be5 32. Qxe5 Qxe5 33. Rxe5 Rxc1+ 34.
Bxc1 Rxc1+ 35. Bf1 Ra1 36. Re2 Kg7 37. f4 Kf6 38. g4 hxg4 39. hxg4 g5 40. f5
Rb1 41. Kf2 Ra1 42. Bg2 Kg7 43. Ke3 Kf6 44. Kd4 Rc1 45. Bd5 Rg1 46. Rg2 Rd1+
47. Kc5 Ke5 48. Bxf7 Rb1 49. Bc4 Kf6 50. Kxb4 Rb2 51. Re2 1-0

[Event "Wch-U18 Online"]
[Site "Tornelo INT"]
[Date "2020.12.19"]
[Round "1.3"]
[White "Sonis, Francesco"]
[Black "Talukdar, Rohan"]
[Result "1-0"]
[WhiteElo "2483"]
[BlackElo "2341"]
[PlyCount "91"]
[EventDate "2020.12.19"]
[EventType "k.o. (rapid)"]
[EventRounds "4"]
[EventCountry "NET"]
[Source "Mark Crowther"]
[SourceDate "2020.12.21"]

1. d4 Nf6 2. Nf3 g6 3. g3 Bg7 4. Bg2 d5 5. O-O O-O 6. c3 b6 7. Nbd2 Bb7 8. Ne5
Nbd7 9. Nd3 c5 10. e3 Qc7 11. Re1 e5 12. dxe5 Nxe5 13. Nxe5 Qxe5 14. a4 a6 15.
Qb3 Qe6 16. a5 b5 17. Qa3 Qe7 18. Nb3 Rac8 19. Bd2 Ne4 20. Rad1 Rfd8 21. Bc1 h5
22. Nd2 h4 23. Nf3 hxg3 24. hxg3 g5 25. Qb3 Rd6 26. Qc2 Rh6 27. Nd2 g4 28. Nxe4
dxe4 29. c4 b4 30. b3 Bc3 31. Bd2 Be5 32. Bc1 Bc3 33. Rf1 Qe5 34. Bd2 Bxd2 35.
Qxd2 Kg7 36. Qd7 Rch8 37. Qxg4+ Rg6 38. Qf4 Qh5 39. Rfe1 Bc8 40. Rd5 Qh2+ 41.
Kf1 Bg4 42. Qxe4 f5 43. Rd7+ Kh6 44. Qf4+ Kh5 45. f3 Bh3 46. Qh4# 1-0

[Event "Americas-ch U18 Online"]
[Site "Tornelo INT"]
[Date "2020.12.02"]
[Round "1.5"]
[White "Talukdar, Rohan"]
[Black "Castillo Gonzalez, Thomas"]
[Result "1-0"]
[WhiteElo "2341"]
[BlackElo "1816"]
[PlyCount "77"]
[EventDate "2020.12.02"]
[EventType "swiss"]
[EventRounds "7"]
[EventCountry "NET"]

1. e4 c6 2. d4 d5 3. Nc3 g6 4. Nf3 Bg7 5. h3 Nf6 6. Bd3 dxe4 7. Nxe4 Nxe4 8.
Bxe4 Nd7 9. O-O O-O 10. Bf4 Nf6 11. Bd3 Nd5 12. Be5 Bxe5 13. Nxe5 Nf4 14. Be4
Qb6 15. Qf3 Ne6 16. c3 Qxb2 17. Rfb1 Qa3 18. Nc4 Qa6 19. Bd3 b5 20. Ne5 Bb7 21.
a4 Qb6 22. Nd7 Qc7 23. Nxf8 Rxf8 24. Qe3 a6 25. c4 Rd8 26. axb5 axb5 27. cxb5
cxb5 28. Rxb5 Nxd4 29. Rb2 Qc6 30. Bf1 e6 31. Rc1 Qd5 32. Rb4 Ba8 33. Rbc4 Kg7
34. Rc5 Qd6 35. Rc7 Kg8 36. Rc8 Kg7 37. Rxd8 Qxd8 38. Rd1 Bxg2 39. Bxg2 1-0

[Event "Americas-ch U18 Online"]
[Site "Tornelo INT"]
[Date "2020.12.02"]
[Round "2.5"]
[White "Vera, Pavel"]
[Black "Talukdar, Rohan"]
[Result "0-1"]
[WhiteElo "2042"]
[BlackElo "2341"]
[PlyCount "210"]
[EventDate "2020.12.02"]
[EventType "swiss"]
[EventRounds "7"]
[EventCountry "NET"]

1. d4 Nf6 2. Nf3 g6 3. c4 Bg7 4. Nc3 d5 5. h4 c6 6. Bg5 h6 7. Bxf6 Bxf6 8. e3
O-O 9. cxd5 cxd5 10. Qb3 e6 11. Bd3 Nc6 12. h5 g5 13. O-O Qb6 14. Qxb6 axb6 15.
Rac1 Bd7 16. a3 Rfc8 17. Bb5 Be8 18. Rfd1 Ra5 19. Be2 Be7 20. g4 Kg7 21. Rd2
Raa8 22. Rdc2 f6 23. Bb5 Ra5 24. Bd3 Bf7 25. Ne2 Rd8 26. Nd2 Bd6 27. Nb1 Ne7
28. Nbc3 f5 29. gxf5 exf5 30. Nb5 Bb8 31. Nc7 Kf6 32. Ng3 Rd7 33. f4 gxf4 34.
exf4 Rd8 35. Kg2 Rg8 36. Kf3 Ra4 37. Ne2 Bxh5+ 38. Ke3 Bxe2 39. Bxe2 Rg3+ 40.
Bf3 Ng6 41. Kf2 Bxc7 42. Rxc7 Rh3 43. Rxb7 Nxf4 44. Rc6+ Kg5 45. Rg7+ Ng6 46.
Rcxg6+ Kf4 47. Rg3 Rxg3 48. Rxg3 Rxd4 49. Be2 Rd2 50. Rb3 d4 51. Ke1 Rc2 52.
Kd1 Rc6 53. Rb5 Ke4 54. Kd2 f4 55. Rh5 Rd6 56. b4 d3 57. Bd1 Rg6 58. Rh2 Rg3
59. Rf2 Rh3 60. Ba4 Rh4 61. Bc6+ Kd4 62. Bf3 Kc4 63. Bc6 Kb3 64. Kxd3 Kxa3 65.
b5 Kb4 66. Ke4 Kc5 67. Rxf4 Rh2 68. Rf5+ Kb4 69. Kf3 h5 70. Kg3 Rc2 71. Rxh5
Rc3+ 72. Kf4 Rc4+ 73. Kg5 Rc5+ 74. Kg6 Rc4 75. Kf6 Ka5 76. Ke6 Rd4 77. Rd5 Rg4
78. Kd6 Rg6+ 79. Kc7 Rg7+ 80. Rd7 Rg8 81. Re7 Rh8 82. Kb7 Rg8 83. Kc7 Rh8 84.
Re8 Rh7+ 85. Bd7 Kb4 86. Re4+ Ka5 87. Re1 Kb4 88. Rd1 Ka5 89. Ra1+ Kb4 90. Ra7
Kc5 91. Ra1 Rg7 92. Rc1+ Kb4 93. Kd6 Rg6+ 94. Kc7 Rg7 95. Rc6 Ka5 96. Re6 Rh7
97. Kc6 Rg7 98. Re4 Rg6+ 99. Be6 Rg5 100. Bc4 Rc5+ 101. Kb7 Rg5 102. Re6 Rg7+
103. Kc6 Rg4 104. Be2 Rg2 105. Bd3 Rg3 0-1

[Event "Americas-ch U18 Online"]
[Site "Tornelo INT"]
[Date "2020.12.02"]
[Round "3.1"]
[White "Niemann, Hans Moke"]
[Black "Talukdar, Rohan"]
[Result "1/2-1/2"]
[WhiteElo "2472"]
[BlackElo "2341"]
[PlyCount "143"]
[EventDate "2020.12.02"]
[EventType "swiss"]
[EventRounds "7"]
[EventCountry "NET"]

1. Nf3 Nf6 2. c4 g6 3. Nc3 d5 4. cxd5 Nxd5 5. h4 Nxc3 6. bxc3 h6 7. Qa4+ Qd7 8.
Qb3 Bg7 9. d4 c5 10. Bf4 cxd4 11. cxd4 Nc6 12. e3 Qd8 13. Bd3 Qa5+ 14. Kf1 Qb4
15. Rc1 Qxb3 16. axb3 O-O 17. Bb5 Nb4 18. Ke2 a6 19. Bd3 Be6 20. Bc4 Bf5 21.
Kd2 b5 22. Be2 Be6 23. Ne5 Rfc8 24. Bf3 Bd5 25. Bxd5 Nxd5 26. Nc6 Kf8 27. Bg3
a5 28. Rc5 Nb4 29. Nxb4 Rxc5 30. dxc5 axb4 31. c6 Rc8 32. c7 Bc3+ 33. Ke2 e5
34. Rd1 Rxc7 35. Rd5 Ra7 36. Bxe5 Ra2+ 37. Kf3 Bxe5 38. Rxe5 Rb2 39. Rxb5 Rxb3
40. h5 g5 41. g3 Rb2 42. Rb6 Kg7 43. e4 Kh7 44. Ke3 Kg7 45. e5 Rb3+ 46. Ke2 Kh7
47. Rb7 Kg8 48. f4 Rxg3 49. f5 b3 50. f6 Rg2+ 51. Ke3 Rg1 52. Kf2 Rg4 53. Rxb3
Re4 54. Rb5 g4 55. Kg3 Kh7 56. Rc5 Kg8 57. Rc8+ Kh7 58. Rc5 Kg8 59. Kh4 Kh7 60.
Rd5 Kg8 61. Rd8+ Kh7 62. Rf8 g3+ 63. Kh3 Rxe5 64. Rxf7+ Kg8 65. Rg7+ Kh8 66.
Rg6 Rxh5+ 67. Kg4 Rg5+ 68. Rxg5 hxg5 69. Kxg3 Kh7 70. Kg4 Kg6 71. f7 Kxf7 72.
Kxg5 1/2-1/2

[Event "Americas-ch U18 Online"]
[Site "Tornelo INT"]
[Date "2020.12.02"]
[Round "4.3"]
[White "Talukdar, Rohan"]
[Black "Hepler Ramirez, Narayana"]
[Result "0-1"]
[WhiteElo "2341"]
[BlackElo "2117"]
[PlyCount "110"]
[EventDate "2020.12.02"]
[EventType "swiss"]
[EventRounds "7"]
[EventCountry "NET"]

1. e4 c5 2. Nf3 d6 3. d4 cxd4 4. Nxd4 Nf6 5. Nc3 a6 6. Be3 e6 7. f3 b5 8. Qd2
Nbd7 9. g4 h6 10. O-O-O Bb7 11. h4 b4 12. Na4 d5 13. Bh3 dxe4 14. g5 hxg5 15.
hxg5 exf3 16. gxf6 Nxf6 17. Nb3 Qxd2+ 18. Nxd2 Be7 19. Nc5 Bc6 20. Nd3 Rh5 21.
Nf2 Nd5 22. Rde1 Nxe3 23. Rxe3 Bc5 24. Rhe1 Bxe3 25. Rxe3 Rc8 26. Nxf3 Bxf3 27.
Rxf3 g5 28. Re3 Ke7 29. Kd2 Rc6 30. Kd3 Rd6+ 31. Ke2 Rh4 32. Bg4 Kd7 33. Ne4
Rc6 34. Bf3 Rxc2+ 35. Kd3 Rxb2 36. Nxg5 Rxa2 37. Re1 Rf4 38. Ke3 Rf5 39. Rd1+
Ke7 40. Rg1 a5 41. Be4 Rc5 42. Nf3 Ra3+ 43. Kf4 f5 44. Bb7 Kf6 45. Re1 Rc4+ 46.
Kg3 b3 47. Rb1 Rg4+ 48. Kh3 Rb4 49. Bc8 b2 50. Kg3 Rbb3 51. Bxe6 Rxf3+ 52. Kg2
Kxe6 53. Rxb2 Rfb3 54. Re2+ Kf6 55. Re8 Ra2+ 0-1

[Event "Americas-ch U18 Online"]
[Site "Tornelo INT"]
[Date "2020.12.02"]
[Round "5.5"]
[White "Talukdar, Rohan"]
[Black "Hernandez Luna, Jose Angel"]
[Result "1-0"]
[WhiteElo "2341"]
[BlackElo "1948"]
[PlyCount "179"]
[EventDate "2020.12.02"]
[EventType "swiss"]
[EventRounds "7"]
[EventCountry "NET"]

1. e4 e5 2. Nf3 Nc6 3. Bb5 a6 4. Ba4 Nf6 5. O-O Be7 6. Re1 b5 7. Bb3 O-O 8. d4
Nxd4 9. Nxd4 exd4 10. e5 Ne8 11. c3 dxc3 12. Nxc3 Bb7 13. Bf4 d6 14. Nd5 Bg5
15. Bg3 dxe5 16. Rxe5 c6 17. Nb6 Qxb6 18. Rxg5 c5 19. Qh5 c4 20. Bc2 h6 21. Be5
Rd8 22. Rg3 Rd2 23. Qf5 Rxc2 24. Qxc2 f6 25. Bf4 f5 26. Rd1 Qf6 27. Re1 Be4 28.
Qc3 Qxc3 29. bxc3 Kf7 30. Be5 Nf6 31. f3 Bd3 32. f4 Rd8 33. Rd1 Rd7 34. Bxf6
Kxf6 35. Re3 a5 36. a3 Rb7 37. Rde1 Be4 38. Rc1 Rd7 39. Re2 Rd5 40. Rb2 g5 41.
fxg5+ hxg5 42. a4 bxa4 43. Ra1 Ke5 44. Rxa4 Kf4 45. Kf2 Bd3 46. Rb6 Re5 47. Rb2
Rd5 48. Rba2 Rb5 49. Rd2 Rd5 50. h3 g4 51. g3+ Kg5 52. h4+ Kg6 53. Ke3 Re5+ 54.
Kd4 Re4+ 55. Kc5 Re3 56. Rg2 Be4 57. Rg1 Rxc3 58. Rxc4 Rd3 59. Ra4 Rd5+ 60. Kb6
Rd6+ 61. Kxa5 Rd5+ 62. Kb4 Rd4+ 63. Ka3 Rd3+ 64. Kb2 Rd2+ 65. Kc3 Rd3+ 66. Kc4
Kh5 67. Ra5 Rf3 68. Kd4 Kg6 69. Ke5 Re3 70. Ra6+ Kh5 71. Kf6 Rd3 72. Re6 Rd5
73. Re7 Rd6+ 74. Ke5 Rd3 75. Kf6 Rd6+ 76. Re6 Rd3 77. Rb6 Rd5 78. Re6 Rd3 79.
Re8 Rd6+ 80. Ke5 Rd5+ 81. Kf4 Rd3 82. Rh8+ Kg6 83. h5+ Kf6 84. Rf8+ Kg7 85. Rb8
Kh6 86. Rh8+ Kg7 87. Re8 Kh6 88. Ke5 Re3 89. Kf6 Kh7 90. Rc1 1-0

[Event "Americas-ch U18 Online"]
[Site "Tornelo INT"]
[Date "2020.12.02"]
[Round "6.4"]
[White "Tobar B, Jorge Esteban"]
[Black "Talukdar, Rohan"]
[Result "0-1"]
[WhiteElo "1877"]
[BlackElo "2341"]
[PlyCount "156"]
[EventDate "2020.12.02"]
[EventType "swiss"]
[EventRounds "7"]
[EventCountry "NET"]

1. d4 Nf6 2. Bg5 d5 3. Nd2 Nbd7 4. Ngf3 c5 5. e3 e6 6. c3 Be7 7. Bd3 h6 8. Bf4
a6 9. a4 b6 10. h3 Bb7 11. Ne5 Nxe5 12. Bxe5 O-O 13. O-O Nd7 14. Bh2 Bc6 15.
Qe2 c4 16. Bc2 b5 17. axb5 axb5 18. e4 Re8 19. f4 b4 20. f5 exf5 21. e5 Rxa1
22. Rxa1 bxc3 23. bxc3 Qb6 24. Rb1 Qa5 25. e6 Bg5 26. Bxf5 Nf6 27. Rb8 Qa1+ 28.
Nf1 fxe6 29. Rxe8+ Bxe8 30. Bxe6+ Bf7 31. Bxf7+ Kxf7 32. Qf3 Qe1 33. Be5 Qe4
34. Qd1 Nd7 35. Bg3 Nf8 36. Qa4 Kg6 37. Qc6+ Qe6 38. Qc7 Nd7 39. h4 Bf6 40. Qf4
Kh7 41. h5 Bg5 42. Qf2 Nf6 43. Qc2+ Qe4 44. Qf2 Nxh5 45. Be5 Nf6 46. Bxf6 Bxf6
47. Ng3 Qd3 48. Qf5+ Qxf5 49. Nxf5 Bg5 50. Kf2 Bd2 51. Ne7 Bxc3 52. Nxd5 Bxd4+
53. Kf3 c3 54. Nb4 g5 55. Ke4 Bc5 56. Nc2 Be7 57. Kf5 Kg7 58. g4 Bc5 59. Ke4
Bd6 60. Kf5 Kf7 61. Nd4 Bc5 62. Nc2 Bb6 63. Ke5 Kg6 64. Ke4 Bd8 65. Ne3 Bf6 66.
Nf5 h5 67. gxh5+ Kxh5 68. Kd3 Kg4 69. Ne3+ Kf3 70. Nd5 Bg7 71. Ne7 g4 72. Nf5
Bf6 73. Nd6 g3 74. Ne4 Be5 75. Ng5+ Kg4 76. Nf7 Bf6 77. Nh6+ Kf3 78. Nf5 g2 0-1

[Event "Americas-ch U18 Online"]
[Site "Tornelo INT"]
[Date "2020.12.02"]
[Round "7.1"]
[White "Talukdar, Rohan"]
[Black "Soto, Miguel Angel"]
[Result "1-0"]
[WhiteElo "2341"]
[BlackElo "2273"]
[PlyCount "55"]
[EventDate "2020.12.02"]
[EventType "swiss"]
[EventRounds "7"]
[EventCountry "NET"]

1. b3 d5 2. Bb2 Bg4 3. d4 Nf6 4. Nd2 g6 5. Ngf3 Bg7 6. e3 O-O 7. h3 Bf5 8. c4
c6 9. Be2 Ne4 10. O-O h5 11. Nxe4 Bxe4 12. Nd2 Bf5 13. Bf3 Na6 14. a3 Rc8 15.
Qe2 Nc5 16. Rfd1 Ne4 17. Bxe4 Bxe4 18. Nxe4 dxe4 19. d5 Bxb2 20. Qxb2 Qb6 21.
dxc6 Qxc6 22. Rd4 e6 23. Rad1 b5 24. Qc2 bxc4 25. bxc4 f5 26. Qc3 Rc7 27. Rd8
Rc8 28. R1d7 1-0

[Event "Online Olym Top DivD"]
[Site "chess.com INT"]
[Date "2020.08.21"]
[Round "1.4"]
[White "Coro, Lucas"]
[Black "Talukdar, Rohan"]
[Result "1/2-1/2"]
[WhiteElo "2352"]
[BlackElo "2341"]
[PlyCount "108"]
[EventDate "2020.08.21"]
[EventType "team (rapid)"]
[EventRounds "9"]
[EventCountry "NET"]
[Source "Mark Crowther"]
[SourceDate "2020.08.24"]
[WhiteTeam "Argentina"]
[BlackTeam "Canada"]
[WhiteTeamCountry "ARG"]
[BlackTeamCountry "CAN"]

1. e4 c5 2. Nf3 d6 3. d4 cxd4 4. Nxd4 Nf6 5. Nc3 a6 6. Be3 e5 7. Nf3 Qc7 8. a4
Be7 9. Be2 O-O 10. O-O b6 11. Nd2 Be6 12. f4 exf4 13. Bxf4 Nbd7 14. Nf3 Ne5 15.
Nd4 Nc4 16. Bc1 Qc5 17. Kh1 d5 18. Nb3 Qc6 19. Rxf6 Bxf6 20. exd5 Bxd5 21. Qxd5
Rac8 22. Qxc6 Rxc6 23. Bf3 Re6 24. Bf4 Rfe8 25. h3 Nxb2 26. Nd5 Re1+ 27. Rxe1
Rxe1+ 28. Kh2 Nxa4 29. Nxf6+ gxf6 30. Nd4 a5 31. c4 Nb2 32. Bd5 a4 33. Nb5 Nxc4
34. Bxc4 Re4 35. Bxf7+ Kg7 36. Bc7 a3 37. Nxa3 Kxf7 38. Bxb6 Kg6 39. Bf2 h5 40.
Nb5 Re2 41. Bg3 Kg5 42. Nd4 Ra2 43. Nf3+ Kg6 44. Bf4 Ra4 45. Bg3 Rb4 46. Bf2
Ra4 47. Be3 Rb4 48. Kg3 Kf5 49. Bc5 Rc4 50. Bf2 Ra4 51. Bd4 Rb4 52. Bc5 Rc4 53.
Bf2 Ra4 54. Bc5 Rc4 1/2-1/2

[Event "Online Olym Top DivD"]
[Site "chess.com INT"]
[Date "2020.08.21"]
[Round "3.5"]
[White "Quirhuayo Chumbe, German Gonzalo"]
[Black "Talukdar, Rohan"]
[Result "1-0"]
[WhiteElo "2296"]
[BlackElo "2341"]
[PlyCount "125"]
[EventDate "2020.08.21"]
[EventType "team (rapid)"]
[EventRounds "9"]
[EventCountry "NET"]
[Source "Mark Crowther"]
[SourceDate "2020.08.24"]
[WhiteTeam "Peru"]
[BlackTeam "Canada"]
[WhiteTeamCountry "PER"]
[BlackTeamCountry "CAN"]

1. e4 c5 2. Nf3 d6 3. d4 cxd4 4. Nxd4 Nf6 5. Nc3 a6 6. Be2 e5 7. Nf3 Be7 8. Bg5
Nbd7 9. Nd2 h6 10. Bxf6 Nxf6 11. Nc4 Be6 12. Ne3 Rc8 13. O-O O-O 14. Qd3 Qb6
15. Rab1 Qd4 16. Rfd1 Qxd3 17. Rxd3 Rc7 18. Kf1 Rfc8 19. f3 b5 20. a3 Rc5 21.
Rbd1 a5 22. R3d2 g6 23. Nxb5 Ne8 24. Kf2 Bg5 25. Nxd6 Nxd6 26. Rxd6 Bxe3+ 27.
Kxe3 Rxc2 28. Rd8+ Rxd8 29. Rxd8+ Kg7 30. Rd2 Rc1 31. Bd1 Kf6 32. Rd3 Rb1 33.
Rd2 h5 34. g3 g5 35. f4 gxf4+ 36. gxf4 Bg4 37. Bxg4 hxg4 38. fxe5+ Kxe5 39.
Rd5+ Ke6 40. Rb5 Rf1 41. Rxa5 Rf3+ 42. Kd4 Rb3 43. Rg5 Rxb2 44. Rxg4 Rxh2 45.
Rg3 Ra2 46. Rf3 f6 47. Rb3 Ra1 48. Rb6+ Ke7 49. Ra6 Rd1+ 50. Ke3 Re1+ 51. Kd3
Rd1+ 52. Ke2 Ra1 53. Kd2 Ra2+ 54. Kd3 Ra1 55. a4 Kd7 56. a5 Ra4 57. Ke3 Ke7 58.
Kf4 Ra1 59. Ra8 Rf1+ 60. Ke3 Kf7 61. a6 Ra1 62. Kd4 Ra4+ 63. Kd5 1-0

[Event "Online Olym Top DivD"]
[Site "chess.com INT"]
[Date "2020.08.22"]
[Round "6.2"]
[White "Benitez Galeano, Alejandro"]
[Black "Talukdar, Rohan"]
[Result "0-1"]
[WhiteElo "2201"]
[BlackElo "2341"]
[PlyCount "60"]
[EventDate "2020.08.21"]
[EventType "team (rapid)"]
[EventRounds "9"]
[EventCountry "NET"]
[Source "Mark Crowther"]
[SourceDate "2020.08.24"]
[WhiteTeam "Paraguay"]
[BlackTeam "Canada"]
[WhiteTeamCountry "PAR"]
[BlackTeamCountry "CAN"]

1. Nf3 Nf6 2. g3 g6 3. Bg2 Bg7 4. O-O d5 5. b3 c5 6. d4 cxd4 7. Bb2 O-O 8. Nbd2
Re8 9. Nxd4 e5 10. N4f3 Nc6 11. e3 Bf5 12. a3 Qd7 13. Rc1 Rad8 14. Qe2 Bg4 15.
Qe1 a5 16. c4 e4 17. Nd4 Ne5 18. Rc2 Nd3 19. Qa1 Bh3 20. Bc3 a4 21. bxa4 Bxg2
22. Kxg2 Qxa4 23. Rb1 dxc4 24. Qa2 Rc8 25. Rxb7 Ne1+ 26. Kf1 Nxc2 27. Nxc2 Nd5
28. Bxg7 Kxg7 29. Nd4 Qa6 30. Rb5 Nc7 0-1

[Event "Online Olym Top DivD"]
[Site "chess.com INT"]
[Date "2020.08.23"]
[Round "7.4"]
[White "Talukdar, Rohan"]
[Black "Moroni, L."]
[Result "0-1"]
[WhiteElo "2341"]
[BlackElo "2530"]
[PlyCount "222"]
[EventDate "2020.08.21"]
[EventType "team (rapid)"]
[EventRounds "9"]
[EventCountry "NET"]
[Source "Mark Crowther"]
[SourceDate "2020.08.24"]
[WhiteTeam "Canada"]
[BlackTeam "Italy"]
[WhiteTeamCountry "CAN"]
[BlackTeamCountry "ITA"]

1. e4 e5 2. Nf3 Nc6 3. Bb5 a6 4. Ba4 Nge7 5. c3 g6 6. d4 exd4 7. cxd4 Bg7 8.
Nc3 O-O 9. O-O b5 10. Bb3 d6 11. h3 Bb7 12. Re1 Qd7 13. a4 Na5 14. Bc2 h6 15.
b3 b4 16. Na2 c5 17. Bb2 Rad8 18. Rb1 Nac6 19. d5 Ne5 20. Bxe5 dxe5 21. Nc1 f5
22. Nd3 Qd6 23. Nd2 fxe4 24. Nxe4 Qxd5 25. Ndxc5 Bc8 26. Bd3 Qc6 27. a5 Nd5 28.
Qd2 Nf4 29. Bc4+ Kh7 30. Qxb4 Bf5 31. Qb6 Qe8 32. Bxa6 Qe7 33. Bb7 Bxh3 34. Ng3
Rb8 35. gxh3 Nxh3+ 36. Kg2 Qh4 37. Nd3 Nf4+ 38. Nxf4 exf4 39. Nf1 Qg4+ 40. Kh1
f3 41. Ne3 Qh3+ 42. Kg1 Rf4 43. Qc7 Rf5 44. Qh2 Rg5+ 45. Kh1 Qxh2+ 46. Kxh2
Rxb7 47. b4 Rf7 48. Rg1 Be5+ 49. Kh3 Rh5+ 50. Kg4 Rg5+ 51. Kh3 Rh5+ 52. Kg4
Rf4+ 53. Kg3 g5 54. Ng4 Bb8 55. Rge1 Rh4 56. Ne5 Rf5 57. a6 Bxe5+ 58. Rxe5 Rxe5
59. a7 Re8 60. b5 Ra4 61. b6 Kg6 62. Kxf3 Rf8+ 63. Kg2 Ra2 64. b7 Rxa7 65. b8=Q
Rxb8 66. Rxb8 Rf7 67. Kg3 Rf6 68. Rg8+ Kf5 69. Ra8 Rb6 70. Ra5+ Kg6 71. f3 h5
72. Ra4 Re6 73. Ra5 Kf6 74. Rb5 Re5 75. Rb8 Re7 76. Rb5 Re6 77. Ra5 Kg6 78. Rb5
Rf6 79. Ra5 h4+ 80. Kg2 Rf5 81. Ra6+ Rf6 82. Ra5 Re6 83. Ra8 Re2+ 84. Kh3 Rf2
85. Rf8 Kg7 86. Rf5 Kg6 87. Rf8 Ra2 88. Rg8+ Kf6 89. Rf8+ Kg7 90. Rf5 Kg6 91.
Rf8 Ra1 92. Kg2 Ra6 93. Rg8+ Kf5 94. Rf8+ Ke5 95. Re8+ Re6 96. Ra8 Kf4 97. Rf8+
Ke5 98. Ra8 Kf5 99. Rf8+ Kg6 100. Rg8+ Kf6 101. Rf8+ Kg7 102. Rf5 Kg6 103. Rf8
Ra6 104. Kh3 Rf6 105. Rg8+ Kf5 106. Ra8 Kf4 107. Kg2 Rd6 108. Ra4+ Ke5 109. Kh3
Rd3 110. Kg2 Rd2+ 111. Kh3 Rf2 0-1

[Event "FISCA Online op"]
[Site "chess.com INT"]
[Date "2020.06.19"]
[Round "1.30"]
[White "Dhruva, Thota"]
[Black "Talukdar, Rohan"]
[Result "0-1"]
[WhiteElo "1347"]
[BlackElo "2341"]
[PlyCount "166"]
[EventDate "2020.06.19"]
[EventType "swiss"]
[EventRounds "9"]
[EventCountry "NET"]
[Source "Mark Crowther"]
[SourceDate "2020.06.22"]

1. e4 c5 2. Nc3 a6 3. f4 b5 4. g3 Bb7 5. Bg2 e6 6. Qe2 Be7 7. d3 d5 8. Nh3 Nf6
9. O-O Nc6 10. e5 Nd4 11. Qd1 Nd7 12. Ne2 Nf5 13. c3 h5 14. Kh1 Qb6 15. d4 a5
16. Ng5 b4 17. Bh3 g6 18. Re1 Ba6 19. Nf3 Rc8 20. Bxf5 gxf5 21. h4 cxd4 22.
cxd4 Rg8 23. Kh2 f6 24. Be3 Kf7 25. Qd2 b3 26. axb3 Qxb3 27. Rec1 Bb4 28. Nc3
Nb6 29. exf6 Nc4 30. Ne5+ Kxf6 31. Nxc4 Rxc4 32. Qd1 Qxd1 33. Nxd1 Rb8 34. Kg2
Rxc1 35. Bxc1 Bc4 36. Nc3 Bb3 37. Kf2 Rc8 38. Bd2 Rc4 39. Ke3 Rc6 40. Rc1 Rb6
41. Nb1 Bc4 42. Bxb4 Rxb4 43. Rc2 a4 44. Nd2 Bb5 45. Nb1 Ke7 46. Nd2 Kd6 47.
Nf3 Rb3+ 48. Kf2 Bd3 49. Rd2 Be4 50. Ne5 Kc7 51. Re2 Kb6 52. Rd2 Ka5 53. Nc6+
Kb5 54. Ne5 Ka6 55. Re2 Rb7 56. Nf3 Ka5 57. Ng5 Rb6 58. Nf7 Kb4 59. Ne5 Rb7 60.
Nc6+ Kb5 61. Ne5 Rc7 62. Ke3 Kb4 63. Nd3+ Bxd3 64. Kxd3 Rc6 65. Rd2 Kb3 66. Rg2
Rc1 67. Re2 Rd1+ 68. Ke3 Rb1 69. Kf3 Rxb2 70. Rxe6 a3 71. Ra6 a2 72. Rxa2 Rxa2
73. Ke3 Kc4 74. Kf3 Kxd4 75. g4 hxg4+ 76. Kg3 Ke4 77. h5 d4 78. h6 Ra6 79. h7
Rh6 80. h8=Q Rxh8 81. Kf2 d3 82. Ke1 Ke3 83. Kd1 Rh1# 0-1

[Event "FISCA Online op"]
[Site "chess.com INT"]
[Date "2020.06.20"]
[Round "2.15"]
[White "Talukdar, Rohan"]
[Black "Sava, Robert-Gabriel"]
[Result "1-0"]
[WhiteElo "2341"]
[BlackElo "1678"]
[PlyCount "79"]
[EventDate "2020.06.19"]
[EventType "swiss"]
[EventRounds "9"]
[EventCountry "NET"]
[Source "Mark Crowther"]
[SourceDate "2020.06.22"]

1. e4 d5 2. exd5 Nf6 3. Bb5+ Bd7 4. Bc4 Bg4 5. f3 Bf5 6. Nc3 Nbd7 7. Nge2 Nb6
8. Bb3 Nbxd5 9. Nxd5 Nxd5 10. d4 c6 11. O-O e6 12. c4 Nc7 13. Be3 Bd6 14. Ng3
Bg6 15. f4 O-O 16. Qf3 Re8 17. Rad1 f6 18. f5 Bf7 19. fxe6 Bxe6 20. d5 cxd5 21.
cxd5 Bf7 22. Nf5 Kh8 23. Kh1 Bg6 24. Nxd6 Qxd6 25. Bf4 Qd7 26. d6 Ne6 27. Be3
Ng5 28. Bxg5 fxg5 29. Qg3 h6 30. h4 g4 31. Rd4 h5 32. Qf4 Kh7 33. Qg5 Qd8 34.
d7 Qxg5 35. hxg5 Red8 36. Be6 Kh8 37. Rc1 Bh7 38. Rc8 Bg8 39. Rxa8 Rxa8 40.
d8=Q 1-0

[Event "FISCA Online op"]
[Site "chess.com INT"]
[Date "2020.06.21"]
[Round "3.12"]
[White "Arya, Nirag Shah"]
[Black "Talukdar, Rohan"]
[Result "0-1"]
[WhiteElo "1909"]
[BlackElo "2341"]
[PlyCount "44"]
[EventDate "2020.06.19"]
[EventType "swiss"]
[EventRounds "9"]
[EventCountry "NET"]
[Source "Mark Crowther"]
[SourceDate "2020.06.22"]

1. d4 g6 2. e4 Bg7 3. Nc3 c6 4. f4 d5 5. e5 Nh6 6. Nf3 f6 7. Bd3 Bg4 8. O-O O-O
9. h3 Bxf3 10. Qxf3 fxe5 11. dxe5 e6 12. Kh1 c5 13. Qd1 Nc6 14. Nb5 c4 15. Be2
Nf5 16. Qe1 a6 17. Na3 b5 18. c3 g5 19. g4 Nh4 20. Nc2 d4 21. Nxd4 Nxd4 22.
cxd4 Qd5+ 0-1